000 00471nam a2200181 4500
003 OSt
008 241005b |||||||| |||| 00| 0 eng d
020 _a9789390301256
041 _amal
082 _a813
_bHEM/KD
100 _aHemingway, Ernest
_96285
245 _aKondunadakkavunna oru utsavam /
250 _a2nd ed.
260 _aThiruvananthapuram :
_bChintha Publishers,
_c2023.
300 _a176p.
700 _aSarathchandran - translator.
_96286
942 _cBK
999 _c18112
_d18112